书目信息 |
| 题名: |
扬声器和传声器原理与应用
|
|
| 作者: | 陈小平 编著 | |
| 分册: | ||
| 出版信息: | 北京 中国广播电视出版社 2005.5 |
|
| 页数: | 227页 | |
| 开本: | 21cm | |
| 丛书名: | 现代录音技术丛书 | |
| 单 册: | ||
| 中图分类: | TN643 , TN641 | |
| 科图分类: | ||
| 主题词: | 扬声器--yang sheng qi--基本知识 , 传声器--chuan sheng qi--基本知识 , 传声器--chuan sheng qi , 扬声器--yang sheng qi | |
| 电子资源: | ||
| ISBN: | 7-5043-4578-4 | |
| 000 | 01362nam 2200325 450 | |
| 001 | CAL 012006066974 | |
| 005 | 20061116093126.29 | |
| 010 | @a7-5043-4578-4@dCNY29.80 | |
| 100 | @a20061012d2005 em y0chiy0120 ea | |
| 101 | 0 | @achi |
| 102 | @aCN@b110000 | |
| 105 | @aa a 000yy | |
| 200 | 1 | @a扬声器和传声器原理与应用@Ayang sheng qi he chuan sheng qi yuan li yu ying yong@d= Loudspeaker and microphone : principles and applications@f陈小平编著@zeng |
| 210 | @a北京@c中国广播电视出版社@d2005.5 | |
| 215 | @a227页@c图@d21cm | |
| 225 | 2 | @a现代录音技术丛书@Axian dai lu yin ji shu cong shu@f李伟, 伍健阳主编 |
| 314 | @a陈小平(1963-), 女, 硕士学位, 现在北京广播学院录音艺术学院任教, 著有《扬声器和传声器原理与应用》。 | |
| 320 | @a有书目 (第225-226页) | |
| 330 | @a本书首先介绍电声换能原理以及换能器的等效类比电路, 为换能器特性的理论分析奠定基础, 然后讨论扬声器和传声器的电声性能参数极其物理意义等内容。 | |
| 410 | 0 | @12001 @a现代录音技术丛书 |
| 510 | 1 | @aLoudspeaker and microphone@ePrinciples and applications@zeng |
| 606 | 0 | @a扬声器@Ayang sheng qi@x基本知识 |
| 606 | 0 | @a传声器@Achuan sheng qi@x基本知识 |
| 606 | 0 | @a传声器@Achuan sheng qi |
| 606 | 0 | @a扬声器@Ayang sheng qi |
| 690 | @aTN643@v4 | |
| 690 | @aTN641@v4 | |
| 701 | 0 | @a陈小平@Achen xiao ping@c(女),@f1963-@4编著 |
| 801 | 0 | @aCN@c20061116 |
| 905 | @a10447@dTN643@eC590 | |
| 扬声器和传声器原理与应用= Loudspeaker and microphone : principles and applications/陈小平编著.-北京:中国广播电视出版社,2005.5 |
| 227页:图;21cm.-(现代录音技术丛书/李伟, 伍健阳主编) |
| ISBN 7-5043-4578-4:CNY29.80 |
| 本书首先介绍电声换能原理以及换能器的等效类比电路, 为换能器特性的理论分析奠定基础, 然后讨论扬声器和传声器的电声性能参数极其物理意义等内容。 |
| ● |
| 相关链接 |
|
|
|
正题名:扬声器和传声器原理与应用
索取号:TN643/C590
 
预约/预借
| 序号 | 登录号 | 条形码 | 馆藏地/架位号 | 状态 | 备注 |
| 1 | 637132 | 206371326 | 自科二线504/504自科库 14排3列3层/ [索取号:TN643/C590] | 在馆 | |
| 2 | 637133 | 206371335 | 自科库301/301自科库 29排1列1层/ [索取号:TN643/C590] | 在馆 | |
| 3 | 637134 | 206371344 | 自科库301/301自科库 29排1列1层/ [索取号:TN643/C590] | 在馆 |